000 00728nam a2200241 i 4500
001 7318
003 ES-MaACL
005 20250727033612.0
007 t|
008 901119s1984 sp ||||1| spa d
020 _a84-7209-125-2
080 _a28:335
080 _a335:28
100 1 _aUreña, Enrique M.
_9112125
245 1 3 _aEl Mito del cristianismo socialista
_b: critica economica de una controversia ideologica /
_cEnrique M. Ureña.
250 _a3a ed.
260 _aMadrid :
_bUnion Editorial,
_c1984.
300 _a254 p. ;
_c19 cm.
504 _aBibliogr.: p. 243-251.
650 7 _aSocialismo y cristianismo
_2embne
_9140738
852 _aES-MaACL
_jL-14579
_bR.118419
_z. - rust.
999 _c7318
_d7318